De la huella sin pie

Shranjeno v:
Bibliografske podrobnosti
Glavni avtor: Mansilla Torres, Sergio (autor)
Format: Knjiga
Jezik:španščina
Izdano: Valdivia Barba de Palo 1995
Teme:
Oznake: Označite
Brez oznak, prvi označite!

MARC

LEADER 00000nam a2200000 a 4500
001 UCZ2458
003 CL-VaPUC
008 951005e19950000CL |||||||||||||||||spa|d
082 0 4 |a Ch861  |b MAN  |2 21 
100 |a Mansilla Torres, Sergio  |e autor  |9 554594 
245 1 0 |a De la huella sin pie 
300 |a 83 p 
942 |c BK 
945 |d 19951005 00:00:00  |a rbrito 
260 |a Valdivia  |b Barba de Palo  |c 1995 
650 0 |a Poesías chilenas   |9 265280 
583 |a last modification  |c 19951005 00:00:00  |k Rodrigo Vera 
999 |c 239055  |d 239053 
952 |0 0  |1 0  |4 0  |6 CH_861_000000000000000_MAN_1995  |7 0  |8 A  |9 249844  |a BIBEDU  |b BIBEDU  |c ES_NOD  |d 2019-11-18  |i 3140520  |l 1  |o Ch861 MAN 1995  |p 3140520  |r 2024-09-03  |s 2024-08-07  |w 2019-11-18  |y BK  |k LIT